Návrh výroby plášťa zubárskeho zrkadielka

Saved in:
Bibliographic Details
Main Author: Bachratý, Matej, 1985- (Author)
Other Authors: Mečiar, Svätopluk, 1948- (Thesis advisor)
Format: Manuscript Book
Language:Slovak
Published: STU v Bratislave MTF UVTE KT, 2010
Subjects:
Online Access:VAIS
Tags: Add Tag
No Tags, Be the first to tag this record!

MARC

LEADER 00000ntm a22000003a 4500
001 stu206644
005 20160719160244.1
008 100707s2010------------------------slo-d
040 |a STU  |b slo 
041 0 |a slo 
100 1 |a Bachratý, Matej,  |d 1985-  |4 aut  |X 29902  |7 A000029902 
242 0 0 |a Production Proposal of Dental Mirror Shell  |y eng 
245 1 |a Návrh výroby plášťa zubárskeho zrkadielka 
260 |b STU v Bratislave MTF UVTE KT,  |c 2010 
650 7 |a technológia ťahania  |2 stusub 
650 7 |a nástroj  |2 stusub 
650 7 |a tool  |2 estusub 
700 1 |a Mečiar, Svätopluk,  |d 1948-  |4 ths  |u M3000  |U MTF Materiálovotechnologická fakulta  |T MTF Ústav výrobných technológií  |X 30639  |U M3000  |Y 83  |7 A000030639 
856 4 |a info a plný text  |u http://is.stuba.sk/zp/portal_zp.pl?podrobnosti=58681  |3 VAIS 
996 |c M*DP-9000  |l MMSKP  |s P  |a 0  |w stu206644_0001